Entre el ayer y el mañana / (Record no. 77596)

MARC details
000 -LEADER
campo de control de longitud fija 00763nam a2200253 i 4500
001 - NÚMERO DE CONTROL
campo de control 77596
003 - IDENTIFICADOR DE NÚMERO DE CONTROL
campo de control ES-MaACL
005 - FECHA Y HORA DE LA ÚLTIMA TRANSACCIÓN
campo de control 20230906173306.0
007 - CAMPO FIJO DE DESCRIPCIÓN FÍSICA--INFORMACIÓN GENERAL
campo de control de longitud fija t|
008 - DATOS DE LONGITUD FIJA--INFORMACIÓN GENERAL
campo de control de longitud fija 041025s2003 sp ||||1| spa d
020 ## - NÚMERO INTERNACIONAL ESTÁNDAR DEL LIBRO
Número Internacional Estándar del Libro 84-96136-15-9
080 ## - NÚMERO DE LA CLASIFICACIÓN DECIMAL UNIVERSAL
Número de la Clasificación Decimal Universal 821.112.2-31"19"
100 1# - ENTRADA PRINCIPAL--NOMBRE DE PERSONA
Nombre de persona Tucholsky, Kurt.
9 (RLIN) 111625
245 10 - MENCIÓN DEL TÍTULO
Título Entre el ayer y el mañana /
Mención de responsabilidad, etc. Kurt Tucholsky ; edición de Mary Gerold-Tucholsky ; traducción de J. Jané.
250 ## - MENCION DE EDICION
Mención de edición 1ª ed.
260 ## - PUBLICACIÓN, DISTRIBUCIÓN, ETC.
Lugar de publicación, distribución, etc. Barcelona :
Nombre del editor, distribuidor, etc. El Acantilado,
Fecha de publicación, distribución, etc. 2003.
300 ## - DESCRIPCIÓN FÍSICA
Extensión 320 p. ;
Dimensiones 21 cm.
490 1# - MENCIÓN DE SERIE
Mención de serie Acantilado ;
Designación de volumen o secuencia 79
700 1# - ENTRADA AGREGADA--NOMBRE PERSONAL
Nombre de persona Gerold-Tucholsky, Mary.
9 (RLIN) 56486
700 1# - ENTRADA AGREGADA--NOMBRE PERSONAL
Nombre de persona Jané, J.
9 (RLIN) 66000
830 0# - PUNTO DE ACCESO ADICIONAL DE SERIE-TÍTULO UNIFORME
Título uniforme Acantilado ;
Designación de volumen o secuencia 79
9 (RLIN) 182222
852 ## - LOCALIZACIÓN
Ubicación ES-MaACL
Número de control de estantería L-28343
Sublocalización o colección R.134248
Holdings
Estatus retirado Estado de pérdida Estado de daño No para préstamo Biblioteca de origen Biblioteca actual Ubicación en estantería Fecha de adquisición Fuente de adquisición Total de préstamos Signatura topográfica completa Código de barras Visto por última vez Precio de reemplazo Tipo de ítem Koha
        Biblioteca del Ateneo de Madrid Biblioteca del Ateneo de Madrid Depósito 2 17/01/2008     L-28343 1081185 23/02/2023 23/02/2023 Libro impreso